000
00270nam a2200109Ia 4500
008
200302s9999 xx 000 0 und d
100
_a
M H Sayed
245
_a
Concept and Perception of Global warming
260
_b
Shubhi Publication
260
_c
2009
300
_a
362 P.,
999
_c
3985
_d
3985